<?xml version="1.0" encoding="UTF-8"?>
<record
    xmlns:xsi="http://www.w3.org/2001/XMLSchema-instance"
    xsi:schemaLocation="http://www.loc.gov/MARC21/slim http://www.loc.gov/standards/marcxml/schema/MARC21slim.xsd"
    xmlns="http://www.loc.gov/MARC21/slim">

  <leader>00428nam a22001697a 4500</leader>
  <controlfield tag="003">MPLRDC</controlfield>
  <controlfield tag="005">20220104143734.0</controlfield>
  <controlfield tag="008">210129b           ||||| |||| 00| 0 eng d</controlfield>
  <datafield tag="082" ind1=" " ind2=" ">
    <subfield code="a">813.3 WGDW v.1</subfield>
  </datafield>
  <datafield tag="100" ind1=" " ind2=" ">
    <subfield code="a">&#x65BD;&#x86F0;&#x5B58;, &#x6D77;&#x5C91;&#x7F16;</subfield>
  </datafield>
  <datafield tag="245" ind1=" " ind2=" ">
    <subfield code="a">&#x5916;&#x56FD;&#x72EC;&#x5E55;&#x5267;&#x9009;. &#x4E00;</subfield>
    <subfield code="c"></subfield>
  </datafield>
  <datafield tag="250" ind1=" " ind2=" ">
    <subfield code="a">&#x4E00;&#x7248;&#x4E00;&#x5237;</subfield>
  </datafield>
  <datafield tag="260" ind1=" " ind2=" ">
    <subfield code="a">&#x4E2D;&#x56FD;</subfield>
    <subfield code="b">&#x4E0A;&#x6D77;&#x6587;&#x827A;</subfield>
    <subfield code="c">1981</subfield>
  </datafield>
  <datafield tag="300" ind1=" " ind2=" ">
    <subfield code="b">625</subfield>
  </datafield>
  <datafield tag="650" ind1=" " ind2=" ">
    <subfield code="a">&#x4E16;&#x754C;&#x6587;&#x5B66;&#x603B;&#x96C6;</subfield>
  </datafield>
  <datafield tag="942" ind1=" " ind2=" ">
    <subfield code="c">BK</subfield>
    <subfield code="o">813.3 WGDW v.1</subfield>
  </datafield>
  <datafield tag="999" ind1=" " ind2=" ">
    <subfield code="c">42857</subfield>
    <subfield code="d">42847</subfield>
  </datafield>
  <datafield tag="952" ind1=" " ind2=" ">
    <subfield code="0">0</subfield>
    <subfield code="1">0</subfield>
    <subfield code="2">ddc</subfield>
    <subfield code="4">0</subfield>
    <subfield code="7">0</subfield>
    <subfield code="8">OSC</subfield>
    <subfield code="a">MPLRDC</subfield>
    <subfield code="b">MPLRDC</subfield>
    <subfield code="c">OSC</subfield>
    <subfield code="d">2007-12-10</subfield>
    <subfield code="g">1.95</subfield>
    <subfield code="l">0</subfield>
    <subfield code="o">813.3 WGDW v.1</subfield>
    <subfield code="p">00043003</subfield>
    <subfield code="r">2021-03-18</subfield>
    <subfield code="s">2010-05-14</subfield>
    <subfield code="w">2021-03-18</subfield>
    <subfield code="y">BK</subfield>
    <subfield code="z">mplrdc</subfield>
  </datafield>
</record>
